Law and Practice of Sewritiection & Reconstruction of Financial assets and enter cement of securities intrest (Record no. 2528)

MARC details
000 -LEADER
fixed length control field 00491nam a22001697a 4500
005 - DATE AND TIME OF LATEST TRANSACTION
control field 20180412115324.0
008 - FIXED-LENGTH DATA ELEMENTS--GENERAL INFORMATION
fixed length control field 160613b xxu||||| |||| 00| 0 eng d
020 ## - INTERNATIONAL STANDARD BOOK NUMBER
ISBN 81-7346-031-0
041 ## - LANGUAGE CODE
Language code of text/sound track or separate title eng
082 ## - DEWEY DECIMAL CLASSIFICATION NUMBER
Item number 7261
Classification number 346.0666
100 ## - MAIN ENTRY--AUTHOR NAME
Personal name Chaturvedi, Dr. R.G.
245 ## - TITLE STATEMENT
Title Law and Practice of Sewritiection & Reconstruction of Financial assets and enter cement of securities intrest
260 ## - PUBLICATION, DISTRIBUTION, ETC. (IMPRINT)
Name of publisher Bharat Law
Year of publication 2010
300 ## - PHYSICAL DESCRIPTION
Number of Pages 1447
650 ## - SUBJECT ADDED ENTRY--TOPICAL TERM
Topical Term Management
942 ## - ADDED ENTRY ELEMENTS (KOHA)
Koha item type Books
Holdings
Lost status Damaged status Collection code Home library Current library Shelving location Date acquired Cost, normal purchase price Full call number Accession Number Koha item type
    LAW JRU Library JRU Library SHELF-32-F 13/06/2016 1995.00 346.0666 7261 Books